000 01112nam a2200277 i 4500
003 IT-RoINE
005 20170627083802.0
008 031005m19571960it r 001 u ita d
040 _aPUG
_dIT-RoINE
_cIT-RoINE
100 1 _aBihlmeyer, Karl,
_d1874-1942.
_920786
240 1 0 _aKirchengeschichte.
_lItaliano
245 1 0 _aStoria della Chiesa /
_cdi Karl Bihlmeyer, Hermann Tuechle ; edizione italiana a cura di Igino Rogger.
250 _a2a ed. riveduta.
260 _aBrescia :
_bMorcelliana,
_c1957-1960.
300 _a4 v. ;
_c24 cm.
336 _2rdacontent
_atext
337 _2rdamedia
_aunmediated
338 _2rdacarrier
_avolume
500 _aTit. orig.: Kirchengeschichte
504 _aIncluye referencias bibliográficas e índices.
505 1 _av. 1: L'antichità cristiana / prefazione a cura di p. Vincenzo Monachino S.I. 1957 -- v. 2: Il Medioevo. 1960 -- v. 3: L'epoca delle riforme. 1958 -- v. 4: L'epoca moderna. 1959.
610 2 4 _91635
_aIglesia Católica
_xHistoria
700 1 _aTüchle, Hermann,
_d1905-1986
_920788
700 1 _920789
_aRogger, Iginio,
_d1919-2014
942 _cMTS
999 _c10027
_d10027